Τα εσωτερικά μυστικά των Πυθαγορείων ; Τα εσωτερικά απόρρητα εις τον Πλούταρχον

Αποθηκεύτηκε σε:
Λεπτομέρειες βιβλιογραφικής εγγραφής
Κύριος συγγραφέας: Mallinger, Jean
Άλλοι συγγραφείς: Γράβιγγερ, Πέτρος, 1904-1988 (Μεταφραστής)
Μορφή: Βιβλίο
Γλώσσα:Greek
Δημοσίευση: Αθήναι ; Πειραιεύς : Διμελή ; Ιδεοθέατρον, 1998.
Θέματα:
Ετικέτες: Προσθήκη ετικέτας
Δεν υπάρχουν, Καταχωρήστε ετικέτα πρώτοι!

MARC

LEADER 00000cam a2200000 i 4500
001 1/11521
008 000912s1998 gr | ||| |||| ||gre||
020 |a 960792116X 
035 |l 10063862 
040 |a GR-MyUA  |b gre  |e AACR2 
041 0 |a gre 
082 0 |a 182.2  
100 1 |a Mallinger, Jean. 
245 1 3 |a Τα εσωτερικά μυστικά των Πυθαγορείων ; Τα εσωτερικά απόρρητα εις τον Πλούταρχον /   |c Jean Mallinger ; μετάφρασις Πέτρος Γράβιγγερ.  
246 3 3 |i Άλλες παραλλαγές του τίτλου:   |a Απόρρητα Πυθαγορείων και Πλούταρχου 
260 |a Αθήναι ; Πειραιεύς :   |b Διμελή ; Ιδεοθέατρον,   |c 1998.  
300 |a 80, 123 σ. ;   |c 17 εκ. 
600 0 0 |a Πυθαγόρας,   |d π. 580-π. 500. 
650 0 0 |a Pythagoras and Pythagorean School. 
650 0 0 |a Mysteries, Religious. 
700 1 |a Γράβιγγερ, Πέτρος,   |d 1904-1988,  |e trl 
740 0 2 |a Τα εσωτερικά απόρρητα εις τον Πλούταρχον 
852 |a INST  |b SAMOS  |e 20000912  |h 182.2 MAL  |p 005300018925  |q 005300018925  |t BK  |y 0 
901 |a BIBL3-2000-3 
909 |a Σ  |b 079588 
922 |a 3ΕΛΗ  |b 200006  |c ΕΠΕΑΕΚ/ΜΑΘ  |d LEADER 
970 |a ΚΟΣΙΕΡΗΣ  |b ΧΡΗΣΤΟΣ  |z 2000/09/12